000 00269nam a2200121 a 4500
005 20140414093828.0
008 970101s19uu xx 00 eng d
050 _aVHS 600
_bR 12
245 _aProtocol Seminar.
440 _aTape 1
942 _cAVM
999 _c108554
_d108554